000
00264nam a22000977a 4500
008
160622b xxu||||| |||| 00| 0 eng d
100
_a
Wilbroda, Ken
245
_a
Siku Njema
260
_a
Nairobi
_b
Longhorn
_c
1996
500
_a
To Be returned to high school upon return
999
_c
16011
_d
16011